| 000 | 00413 a2200157 4500 | ||
|---|---|---|---|
| 005 | 20250410171257.0 | ||
| 020 | _a0-538-11370 7 | ||
| 082 | _a651.4 MEE | ||
| 100 | _aMEEHAN, R. J. | ||
| 245 | _aClerical Office Procedures. | ||
| 250 | _a5th Ed. | ||
| 260 |
_aEngland, _bSouth Western, _c1973. |
||
| 300 |
_avi, 650p.: ill.; picture _bIndex _c23cm |
||
| 700 | _aPASEWARK, R. W. & OLIVERIO, E. M. | ||
| 942 |
_2ddc _cBKS |
||
| 999 |
_c1302 _d1302 |
||